000 00998nam a22002657a 4500
005 20080901114254.0
008 080901t xxu||||| |||| 00| 0 eng d
010 _aENG-90825
020 _a9788186772189
_c610.00
035 _aEN-74358
037 _bDBAD / PUB
040 _aDPL
_bEnglish
082 _a305.4
245 _aWomen's modernization and development in 20th century /
_cedited by Kamlesh Mahajan
260 _aNew Delhi
_bNew Academic Publishers
_c2006
270 _a4760-61, 23, Ansari Road, Daryaganj,
_bNew Delhi
_e110002
300 _aviii, 233p.
_c23 cm (Hb)
500 _aIncludes index
650 _aFeminism
_zIndia
650 _aWomen in development
_y20th century
_zIndia
650 _aWomen
_xSocial conditions
_zIndia
700 _aMahajan, Kamlesh
942 _2ddc
_cEN
_h305.4
_mWOM
999 _c15229
_d15229